00390 a2200157 4500003000400000005001700004008004100021020001800062040000900080082001800089100001500107245005200122250001200174260003600186300001000222OSt20221114112122.0221114b ||||| |||| 00| 0 eng d a9789390385843 coclc a621.58bARO/R aArora, C P aRefrigeration and air conditioning /cC P Arora a4th ed. aNew Delhi:bMc grawhill,c2021. a915 p